| 000 | 00465nam a22001577a 4500 | ||
|---|---|---|---|
| 003 | OSt | ||
| 005 | 20240418103347.0 | ||
| 008 | 240418b |||||||| |||| 00| 0 eng d | ||
| 040 | _cMRSPTU | ||
| 100 | _aAjnat, Surinder (ਅਜਨਾਤ, ਸੁਰਿੰਦਰ) | ||
| 245 | _aGanga Pavitar Jaan Paleet (ਗੰਗਾ ਪਵਿੱਤਰ ਜਾਂ ਪਲੀਤ) | ||
| 250 | _a1st | ||
| 260 |
_aPunjab _bTarkbharti Parkashan _c1996 |
||
| 300 | _a31 | ||
| 942 |
_2ddc _cBK _n0 |
||
| 999 |
_c10072 _d10072 |
||